| 000 | 00641nam a22001937a 4500 | ||
|---|---|---|---|
| 003 | OSt | ||
| 005 | 20251205005040.0 | ||
| 008 | 251205b |||||||| |||| 00| 0 eng d | ||
| 020 | _a9715692524 | ||
| 040 |
_aDWCL - Main _cOC |
||
| 082 | _aSC 589.39 T852f 1997 | ||
| 100 |
_aTrono, Gavino C., Jr. _eAuthor |
||
| 245 |
_aField guide and atlas of the seaweed resources of the Philippines / _cGavino C. Trono, Jr. |
||
| 260 |
_aMakati City, Philippines: _bBookmark, Inc., _cc1997. |
||
| 300 |
_axx, 306 p.: _bill. (part col.); _c25 cm |
||
| 650 | _a1. Marine algae industry. | ||
| 650 | _a2. Marine algae -- Philippines. | ||
| 942 |
_2ddc _cSC _n0 |
||
| 999 |
_c6883 _d6883 |
||